000 00989cam a2200301 4500
001 ABS65674
008 020726n2002 000 0 eng u
035 _a(Sirsi) u119060
100 _aMoore, P
110 _aE C Harris
_91524
245 _aConstruction futures
260 _c2002
490 _aArchitects' Journal
_v216(1), 4 July 2002, 36-37(2)
520 _aQuarterly feature by E C Harris on trends in the construction industry. Examines the workload outlook, input costs, civil engineering, construction activity and output, tender prices, and macroeconomic factors. Provides forecasts.
590 _aABS
650 _aTRENDS
650 _aCONSTRUCTION INDUSTRY
650 _aWORKLOAD
650 _aINPUT COSTS
650 _aCIVIL ENGINEERING
650 _aCONSTRUCTION OUTPUT
650 _aCONSTRUCTION ACTIVITY
650 _aTENDER PRICES
650 _aECONOMIC FACTORS
650 _aCONSTRUCTION FORECASTS
690 _aBUILT ENVIRONMENT
942 _n0
999 _c70827
_d70827